Historický vývoj rasovej segregácie afroamerického obyvateľstva v USA diplomová práca

Gespeichert in:
Bibliographische Detailangaben
1. Verfasser: Orlovská, Sofia, 1997-
Körperschaft: Fakulta medzinárodných vzťahov EU. Katedra medzinárodných politických vzťahov
Weitere Verfasser: Karas, Martin, 1991-
Format: Buch
Sprache:Slowakisch
Veröffentlicht: Bratislava 2022
Tags: Tag hinzufügen
Keine Tags, Fügen Sie das erste Tag hinzu!

MARC

LEADER 00000nbm a2200000 4500
001 0285147
005 20230404123021.6
041 0 |a slo 
044 |a SK 
245 1 0 |a Historický vývoj rasovej segregácie afroamerického obyvateľstva v USA  |b diplomová práca  |c Sofia Orlovská ; školiteľ: Martin Karas 
264 1 |a Bratislava  |c 2022 
300 |a 64 s. 
100 1 |a Orlovská, Sofia, 1997- 
700 1 |a Karas, Martin, 1991- 
710 2 |a Fakulta medzinárodných vzťahov EU. Katedra medzinárodných politických vzťahov